000 00894 a2200277 4500
020 _a0070380457
040 _aLibrary of Congress
_bEnglish
082 0 0 _a511
100 1 _aLipschutz, Seymour.
245 1 0 _aSchaum's outline of theory and problems of discrete mathematics
_cSeymour Lipschutz, Marc Lars Lipson.
246 3 0 _aTheory and problems of discrete mathematics
246 3 0 _aDiscrete mathematics
250 _a2nd ed.
260 _aNew York :
_bMcGraw-Hill,
_cc1997.
300 _aix, 528 p. :
_bill. ;
_c28 cm.
490 0 _aSchaum's outline series
500 _aIncludes index.
650 0 _aAlgebra, Abstract
650 0 _aCombinatorial analysis
650 0 _aLogic, Symbolic and mathematical
650 0 _aAlgebra, Abstract
650 0 _aCombinatorial analysis
650 0 _aLogic, Symbolic and mathematical
700 1 _aLipson, Marc.
942 _cBK
_k511 LIP
_2ddc
999 _c7425
_d7425